Les luttes pour la visibilité (notice n° 1669766)

détails MARC
000 -LEADER
fixed length control field 02127cam a2200169 4500500
005 - DATE AND TIME OF LATEST TRANSACTION
control field 20260222010946.0
041 ## - LANGUAGE CODE
Language code of text/sound track or separate title fre
042 ## - AUTHENTICATION CODE
Authentication code dc
100 10 - MAIN ENTRY--PERSONAL NAME
Personal name Voirol, Olivier
Relator term author
245 00 - TITLE STATEMENT
Title Les luttes pour la visibilité
260 ## - PUBLICATION, DISTRIBUTION, ETC.
Date of publication, distribution, etc. 2005.<br/>
500 ## - GENERAL NOTE
General note 33
520 ## - SUMMARY, ETC.
Summary, etc. La prégnance actuelle des questions touchant à la visibilité et à l’invisibilité tient pour beaucoup aux transformations profondes des modes de relation et d’interaction survenues dans les sociétés contemporaines sous l’impact des médias de communication. L’apparition sur une scène de l’attention publique dépend désormais d’une multitude de médiations techniques et discursives au premier plan desquelles figurent les médias. Ces derniers participent à la définition d’un ordre du visible qui fait apparaître des réalités ou des acteurs tout en condamnant d’autres à l’invisibilité. L’inexistence sociale, qui va souvent de pair avec l’invisibilité médiatique, peut faire naître, sous certaines conditions, des luttes pour la visibilité qui cherchent à transformer les catégories hiérarchisées de l’attention publique et de l’estime sociale.
520 ## - SUMMARY, ETC.
Summary, etc. STRUGGLES FOR VISIBILITY: OUTLINE OF A PROBLEMATIC The current significance of issues concerning visibility and invisibility stems largely from profound changes in the forms of relationship and interaction triggered by the impact of the communication media on contemporary societies. Public attention to an issue depends on a multitude of technical and discursive mediations, the most important of which are the media. They help to define an order of the visible that reveals certain realities or actors while condemning others to invisibility. In certain conditions social inexistence, which often goes hand in hand with media invisibility, can generate struggles for visibility intended to change the graded categories of public attention and social esteem.
786 0# - DATA SOURCE ENTRY
Note Réseaux | 129-130 | 1 | 2005-04-01 | p. 89-121 | 0751-7971
856 41 - ELECTRONIC LOCATION AND ACCESS
Uniform Resource Identifier <a href="https://shs.cairn.info/revue-reseaux1-2005-1-page-89?lang=fr&redirect-ssocas=7080">https://shs.cairn.info/revue-reseaux1-2005-1-page-89?lang=fr&redirect-ssocas=7080</a>

Pas d'exemplaire disponible.

PLUDOC

PLUDOC est la plateforme unique et centralisée de gestion des bibliothèques physiques et numériques de Guinée administré par le CEDUST. Elle est la plus grande base de données de ressources documentaires pour les Étudiants, Enseignants chercheurs et Chercheurs de Guinée.

Adresse

627 919 101/664 919 101

25 boulevard du commerce
Kaloum, Conakry, Guinée

Réseaux sociaux

Powered by Netsen Group @ 2025